000
00331nam a22001457a 4500
008
230705b ||||| |||| 00| 0 eng d
020
_a
9781618531520
041
_a
eng
080
_2
THIRD EDITION
_a
334.7
082
_a
334.7HAM
100
_a
23
101
_a
MBE
245
_a
ADVANCED ACCOUNTING
_c
HAMLEN.S.S
942
_2
udc
_c
BK
999
_c
60092
_d
60092